1762 1950 1521 1032 1103 1468 1413 1199 1785 1742 1432 1270 1941 1656 1344 1055 1916 1588 1790 1057 1540 1039 1082 1775 1869 1666 1614 1132 1644 1569 1892 1094 1630 1244 1302 1311 1826 1795 1590 1777 1085 1760 1378 1254 1681 1010 1448 1380 1788 1496 1925 1933 1159 1660 1296 1207 1878 1082 1860 1277 1159 1113 1393 1684 1116 1271 1989 1793 1932 1896 1888 1611 1070 1020 1028 1471 1587 1795 1076 1161 1660 1235 1637 1795 1479 1797 1795 1132 1100 1796 1452 1316 1850 1018 1590 1120 1613 1898 1383 BCNSPRNW ULIB Ver.6.0+V

เปลี่ยนเป็นภาษาไทย

Change to English
 แสดงรายละเอียดบรรณานุกรม
  กลับหน้าหลัก

Brief Record : Get Marc (ISO 2709) : E-mail record : QR code < ปิดหน้าต่าง
LEADER : 00000nam 2200000uu 4500
001    13399126573
003     ULIB
008    020711s2560 th a 000 0 tha d
020    ^a9786164280158
060    ^aWB903^bอ274ก
100    ^aอมร เปรมกมล
245    ^aการแพทย์ทางเลือกบนพื้นฐานวิทยาศาสตร์=Alternative Medicine : The Scientific Basis
250    ^aพิมพ์ครั้งที่ 1
260    ^aขอนแก่น :^bโรงพิมพ์พิมพ์เพ็ญพริ้นติ้งขอนแก่น,^c2560
300    ^a181 หน้า;^b30 ซม.
650    ^aการแพทย์ทางเลือก
650    ^aการรักษาด้วยธรรมชาติ
945    ^p250^l0^i004774
999    ^aประนอม เกษจรัล
รายการนี้ยังไม่มีแท็ก
คุณยังไม่ได้ล็อกอิน คุณสามารถมีกิจกรรมร่วมกับเว็บไซต์ได้ แต่ต้องล็อกอินก่อน ::
  ล็อกอิน

รายการสื่อสารสนเทศ

ลำดับที่ ประเภท เลขเรียก/บาร์โค้ด สถานที่ สถานะ
1. วิทยาศาสตร์การแพทย์ และสุขภาพ
วิทยาศาสตร์การแพทย์ และสุขภาพ
WB903 อ274ก ฉ.1 
  Barcode: 004774
ห้องสมุดวิทยาเขตสวรรค์ประชารักษ์
►หนังสือทั่วไป
บนชั้น

รายการใกล้เคียง
    ชื่อเรื่อง [การแพทย์ทางเลือกบนพื้นฐานวิทยาศาสตร์=Alternative Medicine : The Scientific Basis]

    ผู้แต่ง [อมร เปรมกมล]

    หัวเรื่อง [การแพทย์ทางเลือก]
    หัวเรื่อง [การรักษาด้วยธรรมชาติ]

BibComment


ยังไม่เคยถูกคอมเมนท์

คอมเมนท์ทรัพยากรรายการนี้
  คอมเมนท์: การแพทย์ทางเลือก..


 Copyright 2026. Bcnsprnw @Library